000
00342 a2200157 4500
001
156455
020
_a
9788508147007
040
_c
Escola São Tomás de Aquino
100
_a
MARCHEZI, Vera
240
1
0
_a
Projeto Ápis
_l
por
245
1
0
_a
Projeto Ápis
300
_a
304
362
0
_a
2011
697
_a
Língua portuguesa
942
_c
BK
999
_c
156455
_d
156455